000 00422cam a22001337a 4500
008 180718b2001 xxu||||| |||| 00| 0 eng d
082 _aL2x54 J78 C.2
100 _aJoshi, S.K.
245 _aHow to compute your salary income: assessment year 2001-2002
_cby S.K. Joshi
260 _aDelhi
_bDirectorate of Income Tax
_c2001
300 _a178p.
440 _aTax Payers Information Series - 18
650 _aIncome tax - India
999 _c492179
_d492179